El momento y la obra maestra de Isaac Albéniz / (Record no. 180795)

MARC details
000 -LEADER
campo de control de longitud fija 00927nab a2200229 i 4500
001 - NÚMERO DE CONTROL
campo de control 180795
003 - IDENTIFICADOR DE NÚMERO DE CONTROL
campo de control ES-MaACL
005 - FECHA Y HORA DE LA ÚLTIMA TRANSACCIÓN
campo de control 20250902063116.0
008 - DATOS DE LONGITUD FIJA--INFORMACIÓN GENERAL
campo de control de longitud fija 120713s1913 sp 000 0 spa d
100 1# - ENTRADA PRINCIPAL--NOMBRE DE PERSONA
Nombre de persona Castellà, Isabel María del Carmen de Castellví y Gordón,
Títulos y otros términos asociados al nombre Condesa del,
Fechas asociadas al nombre 1865-1949
Término indicativo de función/relación Autor
9 (RLIN) 242177
245 13 - MENCIÓN DEL TÍTULO
Título El momento y la obra maestra de Isaac Albéniz /
Mención de responsabilidad, etc. por la condesa del Castellá
300 ## - DESCRIPCIÓN FÍSICA
Extensión Páginas 1-15
594 ## - Nota al título y mención de responsabilidad
Nota al título y mención de responsabilidad Precede al título: Conferencias del Ateneo de Madrid
599 ## - NOTA A LAS ILUSTRACIONES
NOTA A LAS ILUSTRACIONES Retrato de la autora en portada
600 17 - PUNTO DE ACCESO ADICIONAL DE MATERIA--NOMBRE DE PERSONA
Nombre de persona Albéniz, Isaac,
Fechas asociadas al nombre 1860-1909
Fuente del encabezamiento o término embne
9 (RLIN) 19261
610 24 - PUNTO DE ACCESO ADICIONAL DE MATERIA--NOMBRE DE ENTIDAD CORPORATIVA
Nombre de entidad corporativa o nombre de jurisdicción como elemento de entrada Ateneo de Madrid-
Subdivisión de forma Conferencias-
Subdivisión cronológica 1900-1939
9 (RLIN) 1907
655 #4 - TERMINO DE INDIZACIÓN--GENERO/FORMA
Datos o término principal de género/forma Conferencias
9 (RLIN) 234444
773 0# - ASIENTO DE ITEM FUENTE
Título La Palabra : revista taquigráfica,
Número Internacional Normalizado para Publicaciones Seriadas ISSN 2479-7723,
Parte(s) relacionada(s) N. 10 (15 mayo 1913), p. 1-15
Número de control del registro 2879
Número bibliográfico anfitrión 2879
Número de ítem anfitrión 2987
942 ## - ELEMENTOS DE ENTRADA SECUNDARIOS (KOHA)
Tipo de ítem Koha Artículo de revista
Fuente del sistema de clasificación o colocación Clasificación decimal universal
Suprimir en OPAC No

No items available.